Los Angeles Lakers Showtime - Statistics

General Stats
  • This quiz has been taken 135 times
    94 since last reset
  • The average score is 11 of 34
Answer Stats
Season(s) No. Pos Player % Correct
1980, 1982, 1985, 1987, 1988 C 33 Kareem Abdul-Jabbar
99%
1980, 1982, 1985, 1987, 1988 PG 32 Magic Johnson
98%
1985, 1987, 1988 SF 42 James Worthy
91%
1982 SG 34 Clay Johnson
74%
1980, 1982, 1985, 1987, 1988 SG 21 Michael Cooper
74%
Coach 1982-1988 Pat Riley
71%
1985, 1987, 1988 SG 4 Byron Scott
64%
1982, 1985, 1987, 1988 PF 31 Kurt Rambis
61%
1987, 1988 PF 45 A.C. Green
55%
1980, 1982 PG 10 Norm Nixon
53%
1980, 1982 SF 52 Jamaal Wilkes
50%
1982, 1985 C 11 Bob McAdoo
43%
1987 SF 55 Billy Thompson
41%
1987, 1988 PF 43 Mychal Thompson
41%
Coach 1980 Paul Westhead
26%
1980 PF 31 Spencer Haywood
23%
1988 SF 19 Tony Campbell
19%
1985 PF 25 Mitch Kupchak
18%
1980 C 9 Jim Chones
11%
Coach 1980 Jack McKinney
10%
1987, 1988 PG 1 Wes Matthews
10%
1985 C 43 Chuck Nevitt
9%
1980, 1982 PF 54 Mark Landsberger
9%
1982, 1985 SF 40 Mike McGee
9%
1980 PG 15 Butch Lee
8%
1987, 1988 C 52 Mike Smrek
6%
1980 SG 14 Brad Holland
5%
1982 PF 8 Jim Brewer
5%
1980 SF 7 Marty Byrnes
5%
1988 SG 20 Milt Wagner
5%
1982 PG 5 Eddie Jordan
4%
1987 SF 24 Adrian Branch
3%
1985 PF 35 Larry Spriggs
3%
1985 PG 12 Ronnie Lester
3%
No matching quizzes found
Score Distribution
Percent of People with Each Score
Percentile by Number Answered
Your Score History
You have not taken this quiz since the last reset